000 00834nam a2200205 i 4500
001 188949
003 ES-MaACL
005 20250828001649.0
008 190305s1982 sp |||| | spa d
100 1 _aMontes Martínez, José Mª.
_9166530
245 1 0 _aMedio ambiente, educación y necesidades desde el punto de vista de la gestión ambiental /
_cJosé Mª Montes Martínez.
260 _a[Madrid :
_bCIFCA,
_c1982?]
300 _a19 p. ;
_c30 cm.
490 1 _aOpiniones. Sectores específicos. Educación y medio ambiente ;
_v1
650 0 7 _aEducación ambiental
_2embne
_912086
710 2 _aCentro Internacional de Formación en Ciencias Ambientales (Madrid)
_9166480
830 0 _aOpiniones. Sectores específicos. Educación y medio ambiente ;
_v1
_9193234
852 _aES-MaACL
_jP-469-2
999 _c188949
_d188949